000 00465cam a2200193ua 4500
001 2238
005 20260515113449.0
008 110805n ii |||gr||||Z||||||asm
040 _cMAIN
082 _a370
100 _aDas, Lakshahira,
_eAuthor.
245 1 _aShiksha (For 1st yr.)
_cby Lakshahira Das
250 _a1st.
260 _aGuahati:
_bAmrit Prakashan,
_c2000.
300 _a207p:
_bill;
_c23cm.
653 _aEducation
653 _aShiksha
942 _cBK
999 _c2103
_d2103